000 nam a22 a 4500
999 _c277
_d277
003 AKMAL
005 20170502122621.0
008 170502s2014 my e l 000 0 may d
040 _aAKMAL
082 0 4 _a343.595055 MAL
090 0 0 _a343.595055
_bMAL
110 1 _aMalaysia,
_ejurisdiction governed.
_9400
245 1 0 _aAKTA CUKAI BARANG DAN PERKHIDMATAN 2014:
_bperintah cukai barang dan perkhidmatan (pembekalan dikecualikan) (HINGGA 13HB OKTOBER 2014) [P.U.(A) 271/2014] /
_cDisusun oleh: Lembaga Penyelidikan Undang-Undang
246 3 _aGoods And Services Tax Act 2014 : goods and services tax ( exempt supply) order 2014
260 _aKuala Lumpur:
_bPercetakan Nasional Malaysia Berhad,
_c2014
300 _a20pages
_c24 cm.
546 _aParallel bahasa Malaysia and English text
650 1 0 _aValue-added tax
_xLaw and legislation
_zMalaysia
_9612
650 2 0 _aTaxation
_zMalaysia
_9179
650 2 0 _aSales tax
_xLaw and legislation
_zMalaysia
_9621
710 2 _aLembaga Penyelidikan Undang-Undang,
_eeditor.
_9622
942 _2ddc
_cBOOK
950 _lAKMAL